[Event "Asian Zonal 3.3 2019"]
[Site "Ulaanbaatar"]
[Date "2019.04.10"]
[Round "4.6"]
[White "Bersamina, Paulo"]
[Black "Galmandakh, Badrakh"]
[Result "1/2-1/2"]
[WhiteElo "2444"]
[BlackElo "2222"]
[Annotator "TA"]
[PlyCount "98"]
[EventDate "2019.04.07"]
[EventType "swiss"]
[EventRounds "9"]
[EventCountry "MGL"]
[SourceTitle "playchess.com"]
[Source "ChessBase"]
[SourceQuality "1"]

{[%evp 15,98,22,24,33,55,40,44,60,102,91,70,62,65,69,72,72,77,67,68,65,70,43,40,41,32,30,61,61,63,36,38,31,39,39,13,4,4,14,7,0,0,0,13,0,0,0,0,-4,0,-67,-67,-68,-69,-67,-59,-62,82,76,76,81,85,85,98,93,141,141,157,102,84,68,68,68,71,14,14,14,14,14,14,14,14,0,22,22,24]} 1. e4 d6 2. d4 Nf6 3. Nc3 e5 4. Nf3 Nbd7 5. Bc4 Be7 6. a4 {[%cal Ba2a4,Ba4a5][%mdl 32]} O-O 7. O-O c6 8. h3 exd4 9. Qxd4 {C41: Philidor Defence} Qb6 (9... Nc5 10. Re1 Be6 11. Bf4 d5 12. exd5 cxd5 13. Ba2 Nce4 14. Nxe4 dxe4 15. Qxd8 Raxd8 16. Bxe6 fxe6 {1-0 (53) Van Foreest,J (2614)-Khismatullin,D (2621) St Petersburg 2018}) 10. a5 Qxd4 11. Nxd4 {White is slightly better.} Nxe4 $146 {[%mdl 64] Decoy} ({Predecessor:} 11... Nc5 12. Re1 Re8 13. Bg5 Ne6 14. Bxe6 fxe6 15. a6 e5 16. axb7 Bxb7 {1-0 (74) Stamatovic,A (2077)-Nonkovic,B (2062) Belgrade 2017}) 12. Nxe4 d5 13. Nf5 Bd8 14. Bxd5 cxd5 15. Ned6 Nf6 16. Nxc8 Rxc8 17. c3 $1 a6 18. Bf4 g6 19. Ne3 Re8 $1 20. Ra4 Rc5 21. Rb4 $1 Re4 22. Rxb7 Rxf4 23. Rb8 Rxa5 24. Rxd8+ Kg7 25. f3 Rfa4 $1 26. g4 {Threatening g5.} h6 27. h4 Rb5 28. Rf2 Ra1+ 29. Kh2 Ra2 30. Nd1 a5 31. g5 Nh5 32. f4 (32. gxh6+ $11 Kxh6 33. Rd2) 32... Ra4 $15 33. b4 axb4 34. Re2 $1 {[%cal Re2e8]} hxg5 (34... Nxf4 35. Ree8 $16) 35. hxg5 {Strongly threatening Ree8.} bxc3 {[#]} (35... Nxf4 36. Ree8 $16) (35... Rb7 $15 {stays ahead.} 36. Ree8 f6 37. Rg8+ Kf7) 36. Ree8 $1 $16 {[%cal Re8g8] [#] White wants to mate with Rg8+.} Nf6 $1 {[%mdl 512]} 37. gxf6+ Kxf6 38. Nxc3 (38. Rd6+ Kg7 $15) 38... Rb2+ {[#]} 39. Kg3 $1 Rb3 40. Re3 Rd4 41. Kg4 ({White should play} 41. Kf3 Kg7 42. Rxd5) 41... Kg7 42. Rd7 {Black must now prevent Ne2.} Rd2 43. Rg3 {aiming for f5.} Rb4 $1 44. Kg5 ({But not} 44. Rxd5 Rf2 $18) (44. Ra7 $16) 44... Rf2 $11 {The position is equal.} 45. Nxd5 Rd4 46. Nf6 Rdxf4 47. Ne8+ Kf8 {...Rf5+ is the strong threat.} 48. Nd6 R2f3 49. Rxf3 Rxf3 {Accuracy: White = 63%, Black = 63%.} 1/2-1/2

[Event "Asian Zonal 3.3 2019"]
[Site "Ulaanbaatar"]
[Date "2019.04.10"]
[Round "4.7"]
[White "Chinguun, Sumiya"]
[Black "Nguyen, Duc Hoa"]
[Result "1/2-1/2"]
[WhiteElo "2250"]
[BlackElo "2433"]
[Annotator "TA"]
[PlyCount "106"]
[EventDate "2019.04.07"]
[EventType "swiss"]
[EventRounds "9"]
[EventCountry "MGL"]
[SourceTitle "playchess.com"]
[Source "ChessBase"]
[SourceQuality "1"]

{[%evp 25,106,28,31,12,15,-6,43,43,19,34,41,31,39,0,0,0,0,-2,-14,-12,-16,-58,-73,-64,0,0,-5,-69,0,0,0,0,55,60,42,29,36,33,185,185,185,185,185,103,105,60,118,109,107,115,102,98,95,102,145,124,178,133,159,135,128,145,283,283,290,280,289,248,251,272,257,252,314,302,435,397,447,405,757,695,582,45,545]} 1. e4 e5 2. Nf3 Nf6 3. Nxe5 d6 4. Nf3 Nxe4 5. d3 Nf6 6. d4 Be7 7. Bd3 O-O 8. O-O Bg4 9. Re1 Nc6 10. c3 Re8 11. Nbd2 {[%cal Bb1d2,Bd2f1,Bf1e3][%mdl 32]} d5 12. Nf1 Bd6 13. Rxe8+ Qxe8 14. Ne3 {C42: Petroff Defence: 3 Nxe5 and unusual White 3rd moves} Bh5 15. Be2 $146 ({Predecessor:} 15. Bd2 Rd8 16. Qe2 Ne4 17. Nxd5 Bxf3 18. gxf3 Nxd2 19. Qxd2 Qe6 20. Ne3 Qh6 21. Kf1 Bxh2 22. Kg2 Qg5+ 23. Kh1 Rd6 24. Re1 Be5 {0-1 (22) Akshayraj,K (2472)-Holt,C (2530) New York 2015}) 15... Qe4 16. Nd2 Qh4 17. g3 Bxe2 18. Qxe2 Qh3 19. Qf3 (19. Qb5 $5 {[%cal Rb5b7]} Re8 20. Qxb7 $16) 19... Ne7 20. Ndf1 Re8 21. Ng2 Ng6 22. Bg5 Ne4 23. Bf4 Bxf4 24. Nxf4 Ng5 (24... Nxf4 $15 25. Qxf4 h6) 25. Nxh3 $11 Nxf3+ 26. Kg2 (26. Kh1 $1 $11) 26... Ne1+ (26... Re1 $1 $15 27. Rxe1 Nxe1+ 28. Kh1 Nd3) 27. Kg1 Re2 28. Ne3 Nd3 (28... Nc2 $11 29. Nxc2 Rxc2) 29. Kf1 $36 {[%mdl 2048] White is pushing.} Rd2 $1 30. Rd1 (30. b4 {is interesting.} Nb2 31. b5 h6 32. a4 Nc4 33. Ke1) 30... Rxd1+ 31. Nxd1 $11 {[%mdl 4096] Endgame KNN-KNN} b5 $2 (31... c5 $1 $14) 32. Ke2 $1 $18 {[%cal Re2d3]} Nc1+ 33. Kd2 Nxa2 34. b4 (34. Ne3 $18) 34... Ne7 35. Kc2 Nc6 (35... c5 $1 $14) 36. Nf4 Naxb4+ 37. cxb4 Nxb4+ 38. Kc3 a5 39. Ne3 c6 40. Nc2 Na6 (40... g5 $16 {was necessary.}) 41. Nd3 Kf8 42. Na1 $1 a4 43. Nc2 f6 (43... Ke7 $16) 44. Ncb4 Nb8 45. Nc5 $1 Ke7 46. Nba6 Nxa6 47. Nxa6 {KN-KP} Ke6 48. f3 h5 49. Nc5+ Kf5 {[#]} (49... Ke7 {was worth a try.} 50. f4 g6) 50. Nd3 $1 {[%cal Rd3b4]} g5 {[#]} 51. h3 $1 g4 (51... h4 $142) 52. fxg4+ hxg4 53. h4 Ke6 $2 {[%mdl 40960] Accuracy: White = 75%, Black = 28%. . An unexpected result.} (53... Kg6 $1 $14) 1/2-1/2

[Event "Asian Zonal 3.3 2019"]
[Site "Ulaanbaatar"]
[Date "2019.04.10"]
[Round "4.8"]
[White "Amgalanbaatar, Ravdanlkhumbuu"]
[Black "Gan-Erdene, Sugar"]
[Result "0-1"]
[WhiteElo "2081"]
[BlackElo "2375"]
[Annotator "TA"]
[PlyCount "64"]
[EventDate "2019.04.07"]
[EventType "swiss"]
[EventRounds "9"]
[EventCountry "MGL"]
[SourceTitle "playchess.com"]
[Source "ChessBase"]
[SourceQuality "1"]

{[%evp 19,64,-45,-45,-46,-8,-5,80,80,246,231,180,215,233,54,50,-168,50,52,47,0,0,12,147,111,213,58,61,-2,-2,-32,-2,-2,-2,-2,-2,-2,-2,-2,-2,-10,-2,-2,-2,-24,-20,-762,-745]} 1. d3 d5 2. e4 e6 3. Nd2 c5 4. Ngf3 Nc6 5. g3 Nf6 6. Bg2 Be7 7. O-O O-O 8. Re1 b5 9. e5 Nd7 10. Nf1 Bb7 11. h4 {C00: French: Unusual White 2nd moves} d4 (11... Qc7 12. Bf4 Rfc8 13. Ne3 Qd8 14. Ng4 Bf8 15. Bg5 Qe8 16. c3 h6 17. Bf4 a5 18. Qd2 b4 19. c4 Ne7 20. h5 {1-0 (59) Kuzubov,Y (2699)-Grischuk,A (2772) Riadh 2017}) 12. N1h2 Nb6 (12... Re8 $11 {remains equal.}) 13. Ng5 $1 $16 {White is better.} Qe8 $146 (13... Bxg5 $16 14. Bxg5 Qc7) ({Predecessor:} 13... Rc8 14. Qh5 Bxg5 15. hxg5 Qe8 16. Qh4 Nd8 17. Ng4 Qd7 18. Be4 Bxe4 19. Rxe4 Kh8 20. Nf6 gxf6 21. Qh6 Rg8 22. Rh4 {1-0 (22) Janousek,P (2162)-Drahorad,D (2024) Hrdonov 2013}) 14. Be4 $18 Bxg5 15. hxg5 Nd7 16. Bxh7+ $2 (16. Ng4 $18) 16... Kxh7 $14 17. Qh5+ $1 Kg8 18. Ng4 $1 {[%cal Rg4f6,Bh2g4,Bg4e5,Be5d7][%mdl 32] Hoping for Nf6+!} Ncxe5 $1 19. Rxe5 Nxe5 20. Nxe5 {[#]} Qe7 {[#]} (20... c4 $1 $11) 21. Bf4 $1 $16 ({Much weaker is} 21. g6 $6 fxg6 22. Nxg6 Qf6 $11) 21... g6 {[#]} (21... c4 $16 {might work better.}) 22. Qh6 $2 (22. Qh3 $1 $18) 22... f6 $1 $14 {[%cal Rf6e5]} 23. Qxg6+ (23. gxf6 $14 Qxf6 24. Ng4) 23... Qg7 $11 24. Qxg7+ Kxg7 25. Nd7 Rh8 {[%csl Gb7][%cal Rh8h1]} 26. gxf6+ Kf7 {[%csl Gb7][%cal Rh8h1]} 27. f3 Rad8 28. Ne5+ $1 Kxf6 29. g4 Bd5 30. Kg2 Rh7 31. Kg3 Rdh8 {Strongly threatening ...Rh2.} 32. g5+ $2 {[%mdl 8192]} (32. Kg2 $11) 32... Kf5 {Accuracy: White = 47%, Black = 38%.} 0-1

[Event "Asian Zonal 3.3 2019"]
[Site "Ulaanbaatar"]
[Date "2019.04.10"]
[Round "4.9"]
[White "Itgelt, Khuyagtsogt"]
[Black "Tran, Minh Thang"]
[Result "1-0"]
[WhiteElo "2056"]
[BlackElo "2349"]
[Annotator "TA"]
[PlyCount "79"]
[EventDate "2019.04.07"]
[EventType "swiss"]
[EventRounds "9"]
[EventCountry "MGL"]
[SourceTitle "playchess.com"]
[Source "ChessBase"]
[SourceQuality "1"]

{[%evp 9,79,15,17,11,18,22,13,0,65,54,56,60,61,53,99,0,16,-6,8,8,8,0,17,10,40,42,25,0,0,0,0,-22,0,-99,-99,-106,71,0,0,0,122,0,0,0,156,107,35,60,60,37,435,433,455,439,999,957,1162,1130,2455,2390,1970,1070,1956,1682,29974,29974,29974,29975,29979,29979,29983,5322]} 1. d4 a6 2. e4 e6 3. Nf3 d5 4. Nc3 Bb4 (4... Nf6 5. e5 Nfd7 6. Ne2 c5 7. c3 Nc6 8. a3 c4 9. Nf4 Na5 10. Be3 Nb6 11. h4 Bd7 12. Rb1 h6 13. g3 Qe7 {1-0 (53) Cheparinov,I (2705)-Speelman,J (2510) England 2018}) 5. e5 Ne7 6. a3 {C10: French with 3 Nc3: Unusual Black 3rd moves and 3...dxe4} Bxc3+ $1 7. bxc3 c5 8. h4 $146 {The position is equal.} ({Predecessor:} 8. dxc5 Qa5 9. Bd2 Qxc5 10. Bd3 Bd7 11. O-O Nbc6 12. Re1 Na5 {½-½ (40) Abdullaev,E-Petrauskas,G (1950) Vilnius 2011}) 8... h5 ({Black should try} 8... h6 $11) 9. Bd3 Bd7 10. a4 Qa5 11. Bd2 c4 12. Bf1 (12. Be2 $16) 12... Bxa4 $11 13. Qc1 Qb5 14. g3 Qd7 15. Bh3 Bc6 16. Ng5 a5 17. Qd1 {[%mdl 1024] White has compensation.} a4 18. Bc1 Na6 19. Ba3 Nc7 20. Rb1 Nb5 21. Rxb5 (21. Bb4 $11) 21... Bxb5 $17 22. Qf3 Nc8 $2 (22... Nf5 $17 {stays on course.} 23. Bxf5 exf5) 23. g4 $1 $16 Na7 {Threatens to win with ...Bc6.} 24. gxh5 {Rg1 is the strong threat.} Bc6 (24... Ba6 $1 $11 {remains equal.}) 25. Rg1 (25. h6 $1 $16 {[%cal Rh6g7]} Rxh6 26. Nxe6 Rxe6 27. Rg1) 25... Nb5 $11 {[#]} 26. h6 $1 {[%mdl 512]} Rxh6 $2 {[#]} ({Better is} 26... Nxa3 $11 27. hxg7 Rg8) (26... gxh6 27. Nxe6) 27. Nxe6 $1 $40 {[%mdl 640] White has strong attack.} Rxe6 (27... fxe6 28. Qf8#) 28. Rxg7 {[%cal Rg7g8]} O-O-O ({Don't blunder} 28... Nxa3 $2 29. Rg8+ Ke7 30. Rxa8 $18) 29. Rxf7 Nxa3 $4 {[%mdl 8192]} (29... Qe8 $14 30. Be7 (30. Re7 Qh8 $16) 30... Nc7) 30. Rxd7 $18 Bxd7 31. Qxd5 Rc6 (31... Ra6 $142) 32. e6 Bxe6 33. Bxe6+ Kc7 34. Qa5+ {[%mdl 64] Double Attack} b6 35. Qa7+ Kd6 36. d5 Nb5 37. Qb7 {White mates.} Rc7 38. Qxb6+ {[%mdl 64] Double Attack} Ke5 39. Qxb5 Ra8 {[#]} 40. d6+ {Accuracy: White = 62%, Black = 37%.} (40. f4+ $142 $1 Kf6 (40... Kxf4 41. d6) 41. d6 Rca7 42. Bxc4 Ra5 43. Qd7 R5a7 44. Qe6+ Kg7 45. d7) 1-0

[Event "Asian Zonal 3.3 2019"]
[Site "Ulaanbaatar"]
[Date "2019.04.10"]
[Round "4.10"]
[White "Lkhagvasuren, Tsedvee"]
[Black "Khin, Than"]
[Result "1-0"]
[WhiteElo "2336"]
[BlackElo "2203"]
[Annotator "TA"]
[PlyCount "55"]
[EventDate "2019.04.07"]
[EventType "swiss"]
[EventRounds "9"]
[EventCountry "MGL"]
[SourceTitle "playchess.com"]
[Source "ChessBase"]
[SourceQuality "1"]

{[%evp 12,55,20,0,13,-12,14,6,30,18,24,17,22,11,10,15,43,39,51,44,38,40,138,131,144,126,209,194,195,71,72,67,74,67,48,45,62,36,719,720,714,715,29996,29997,29997,29998]} 1. c4 e5 2. Nc3 Nc6 3. Nf3 Nf6 4. g3 Bb4 5. Bg2 O-O 6. O-O Re8 7. Ne1 d6 {A29: English Opening: Four Knights Variation with 4 g3} 8. Nd5 (8. Nc2 Bc5 9. Rb1 a5 10. a3 Be6 11. d3 d5 12. cxd5 Nxd5 13. Ne3 Nce7 14. Ncxd5 Nxd5 15. Nc4 {½-½ (35) Svidler,P (2757)-Anand,V (2762) Moscow 2016}) 8... Nxd5 9. cxd5 Ne7 {The position is equal.} 10. Nc2 Bc5 11. b4 Bb6 12. d4 $146 ({Predecessor:} 12. a4 a5 13. b5 Bf5 14. d3 Qd7 15. Be3 Bc5 16. Bxc5 dxc5 17. e4 {½-½ (17) Osswald,D-Huelsmann,J (2220) Germany 1989}) 12... exd4 13. Nxd4 Nf5 14. Nb3 Qf6 15. e4 Nd4 16. Be3 {[%cal Re3d4]} Nb5 ({Black should try} 16... Nxb3 $14 17. Qxb3 Bd7) 17. Qd3 $16 Bd7 18. Rac1 {[%cal Ba1c1,Bc1c7,Bc7d7,Bd7d8][%mdl 32] Black must now prevent a4.} Qb2 (18... a6 $16 {was worth a try.}) 19. a4 $1 $18 {[%cal Ra4b5]} Na3 20. b5 (20. Nd4 $1 $18 {has better winning chances.}) 20... a6 $16 {[%cal Ra6b5]} 21. Bd4 $36 {[%mdl 2048] White has the initiative.} Bxd4 $1 22. Nxd4 axb5 23. Rxc7 Rxa4 24. Rxd7 Rxd4 $4 {[%mdl 8192]} (24... Qxd4 $14 25. Qxd4 Rxd4) 25. Qf3 $18 Rf8 {[#]} 26. Bh3 $1 {Threatening mate with Qxf7+!} Ra4 {[#]} 27. Qxf7+ $1 {[%mdl 576] Remove Defender, Deflection, Back Rank} Rxf7 28. Rd8+ {Accuracy: White = 56%, Black = 35%.} 1-0

[Event "Asian Zonal 3.3 2019"]
[Site "Ulaanbaatar"]
[Date "2019.04.10"]
[Round "4.11"]
[White "Tengis, Tsog-Ochir"]
[Black "Bilguun, Sumiya"]
[Result "0-1"]
[WhiteElo "2207"]
[BlackElo "2488"]
[Annotator "TA"]
[PlyCount "98"]
[EventDate "2019.04.07"]
[EventType "swiss"]
[EventRounds "9"]
[EventCountry "MGL"]
[SourceTitle "playchess.com"]
[Source "ChessBase"]
[SourceQuality "1"]

{[%evp 12,98,34,32,10,4,13,9,14,13,9,0,5,-87,-86,-91,-82,-106,-110,-102,-110,-118,-118,-116,-125,-119,-100,-155,-150,-133,-135,-156,-137,-210,-210,-210,-210,-210,-210,-202,-202,-195,-127,-152,-132,-140,-127,-128,-116,-127,-134,-142,-146,-173,-175,-237,-237,-230,-229,-350,-331,-358,-348,-1062,-1171,-5273,-3196,-5154,-3821,-2545,-2658,-2770,-2586,-2503,-2204,-5911,-2056,-29959,-29960,-29966,-29967,-29967,-29968,-29968,-29969,-29975,-29967,-6079,-5065]} 1. d4 d5 2. c4 e6 3. Nf3 Nf6 4. g3 dxc4 5. Bg2 Bb4+ 6. Bd2 a5 7. O-O O-O {E04: Open Catalan: 5 Nf3} 8. Bg5 h6 9. Bxf6 Qxf6 {The position is equal.} 10. a3 Bd6 11. Nc3 Nc6 12. e4 (12. Rc1 $11) (12. Rc1 e5 13. d5 Nd4 14. Nxd4 exd4 15. Ne4 {0-1 (66) Ding,L (2777)-Wang,H (2709) Huaian 2017}) 12... e5 $1 $17 13. Nd5 $146 ({Predecessor:} 13. d5 Nd4 14. Nxd4 exd4 15. Nb5 d3 {½-½ (23) Bodicker,R (2039)-Tabary,A (1501) Avoine 2018}) 13... Qd8 $1 14. Qd2 Be6 15. dxe5 Nxe5 ({But not} 15... Bxe5 $6 16. Rac1 $11) 16. Nxe5 Bxe5 17. f4 Bxd5 18. exd5 Bf6 $1 19. Rac1 (19. a4 $142) 19... b5 20. a4 c6 ({Much less strong is} 20... bxa4 21. Rxc4 Qd6 22. Rxa4 $15) 21. Rfd1 Qb6+ 22. Qf2 (22. Kf1 $17) 22... Qxf2+ $19 23. Kxf2 Bxb2 24. Rc2 c3 25. dxc6 {[#]} b4 $1 ({Not} 25... bxa4 26. c7 $11) 26. Bd5 Rac8 ({Black should try} 26... Rad8 $19 27. Re2 {[#]} Rxd5 $1 {[%mdl 512]} 28. Rxd5 b3) 27. Bb3 Rxc6 28. Rd5 Ra6 29. Rd7 Kh7 30. h4 h5 31. Kf3 Kh6 32. Rd5 Re8 33. Re5 (33. Re2 $142 Rh8 34. Ke4) 33... Rxe5 34. fxe5 {[%mdl 4096] Endgame KRB-KRB} Ra7 35. g4 (35. Ke4 $142) 35... hxg4+ 36. Kxg4 Rd7 37. Re2 $2 (37. Rg2) 37... Rd2 38. Rxd2 cxd2 {KB-KB} 39. Kf4 g6 40. Bd1 Bd4 41. Ke4 Bf2 42. Kd3 Bxh4 43. Kxd2 Bg3 44. Bb3 Bxe5 45. Bxf7 g5 46. Be6 Kh5 47. Ke3 g4 48. Ke4 g3 49. Kf3 Kg5 {Accuracy: White = 24%, Black = 92%.} 0-1

[Event "Asian Zonal 3.3 2019"]
[Site "Ulaanbaatar"]
[Date "2019.04.10"]
[Round "4.12"]
[White "Khuslen, Altan-Ochir"]
[Black "Amartuvshin, Ganzorig"]
[Result "0-1"]
[WhiteElo "1927"]
[BlackElo "2373"]
[Annotator "TA"]
[PlyCount "118"]
[EventDate "2019.04.07"]
[EventType "swiss"]
[EventRounds "9"]
[EventCountry "MGL"]
[SourceTitle "playchess.com"]
[Source "ChessBase"]
[SourceQuality "1"]

{[%evp 9,118,0,11,4,1,0,14,10,12,1,-3,-2,0,-6,0,0,0,-33,-33,-33,-30,-24,-17,-12,-19,-52,-47,-50,-1,0,-23,-95,-116,-131,-37,-31,0,-117,-93,-159,-60,-89,-41,-45,-22,-30,-11,-19,-33,-127,-126,-128,-15,-6,-6,-52,-29,-25,-34,-57,-58,-72,-14,-71,-70,-108,-118,-128,-129,-126,-125,-130,-129,-122,-121,-128,-122,-118,-100,-118,-95,-171,-67,-90,0,-117,-87,-100,18,0,14,14,14,-48,-43,-150,-160,-452,-455,-1643,-1675,-29986,-29987,-29987,-29988,-29988,-29989,-29989,-29990,-29990,-29991]} 1. e4 c5 2. Nf3 e6 3. g3 Nc6 4. Bg2 Nf6 5. Qe2 (5. d3 d5 6. Nbd2 Be7 7. O-O O-O 8. Re1 b5 9. a4 b4 10. e5 Nd7 11. Nf1 b3 12. c4 dxc4 13. dxc4 Rb8 14. Bd2 Qc7 15. Bc3 Rd8 16. N1d2 Bb7 17. Qe2 Ba8 {1-0 (57) Malakhov,V (2654)-Salgado Lopez,I (2624) Germany 2019}) 5... e5 6. O-O {B40: Sicilian: 2...e6, Unusual lines} Be7 7. Nc3 O-O 8. Nd5 {The position is equal.} d6 9. Nxe7+ Qxe7 10. d3 $146 ({Predecessor:} 10. c3 Bg4 11. h3 Be6 12. d4 cxd4 13. cxd4 exd4 {1-0 (48) Atakisi,U (2345)-Pahor,M (2068) Skopje 2015}) 10... h6 11. c3 Be6 12. Re1 Rfe8 13. c4 Bg4 14. Be3 a6 15. Qd2 b5 16. Nh4 Nd4 17. f4 bxc4 18. dxc4 exf4 (18... Bd7 {seems wilder.} 19. b3 Ng4 20. Nf5 Bxf5 21. exf5 Rac8) 19. Bxd4 cxd4 20. Nf5 (20. h3 $11 f3 21. Nxf3 Bxf3 22. Bxf3) 20... Qa7 $17 {aiming for ...f3.} 21. Qxf4 Bxf5 (21... d3+ $17 22. Kh1 Bxf5 23. exf5 d5 24. cxd5 (24. Bxd5 $2 Nxd5 25. cxd5 Qc5 $17) 24... Rxe1+ 25. Rxe1 Rd8) 22. exf5 $15 Rad8 23. Kh1 (23. Rxe8+ $11 {remains equal.} Rxe8 24. Qxd6) 23... Qc5 $17 24. b3 (24. Red1 $142) 24... Re5 (24... d5 $1 $17 25. cxd5 Nxd5 26. Rxe8+ Rxe8) 25. Rad1 Rde8 26. Rf1 Ne4 27. f6 Nxf6 28. Qxd4 Re2 29. a4 ({White should try} 29. Qxd6 $15 Qh5 30. h4) 29... Qh5 30. Qh4 {Black must now prevent Qxh5.} Qxh4 ({Black should play} 30... Qg6 $1 $17 31. Rxd6 Rb2) 31. gxh4 $11 Rb2 {...Ree2 is the strong threat.} 32. Rb1 Ree2 33. Rxb2 Rxb2 {[%mdl 4096] Endgame KRB-KRN} 34. Bb7 a5 35. Rf3 Ng4 ({Better is} 35... Kf8 $17) 36. h3 (36. c5 $1 $11) 36... Ne5 $17 37. Rc3 Nd7 38. Bd5 Kf8 39. Re3 Nc5 40. Bc6 {[%csl Gc6][%cal Re3e8]} g6 41. Re8+ Kg7 42. Ra8 Rxb3 43. Kg2 Ne6 44. Rxa5 Nf4+ 45. Kf2 (45. Kf1 $17 {might work better.}) 45... Nxh3+ (45... Rxh3 $19 46. Ra8 Rxh4) 46. Ke1 $15 {[#]} f5 (46... Nf4 $1 $17 47. Ra7 Rb2) 47. Ra7+ (47. Rd5 $11 {keeps the balance.}) 47... Kf6 $17 48. a5 f4 (48... Ra3 $17 49. a6 Nf4) 49. Ra8 {Strongly threatening a6.} Ra3 50. a6 {White wants to play a7.} Ke5 {[#]} 51. Re8+ (51. c5 $1 $11 {[%mdl 512]} d5 (51... dxc5 52. a7) 52. Bd7 Ra1+ 53. Ke2 Ra2+ 54. Kf1) 51... Kd4 $15 52. Bg2 (52. c5 $1 $15 Ra1+ 53. Ke2) 52... Ra1+ $17 ({Stronger than} 52... Rxa6 53. Bxh3 Ra3 54. Bd7 $16) 53. Kd2 $2 (53. Ke2 $17 Ra2+ 54. Kf3 Ra3+ 55. Ke2 Ra2+ 56. Kf3 Rf2+ 57. Kg4 Rxg2+ 58. Kxh3 Rg3+ 59. Kh2) 53... Ra2+ $19 54. Ke1 (54. Kc1 $142 Nf2 55. c5 dxc5 56. Rf8) 54... Rxg2 55. a7 Kd3 {[%cal Rg2g1] Black mates.} 56. Kd1 Rg1+ 57. Re1 Nf2+ 58. Kc1 Rxe1+ 59. Kb2 Re8 {Accuracy: White = 37%, Black = 44%.} 0-1

[Event "Asian Zonal 3.3 2019"]
[Site "Ulaanbaatar"]
[Date "2019.04.10"]
[Round "4.13"]
[White "Anand, Batsukh"]
[Black "Dang, Hoang Son"]
[Result "1/2-1/2"]
[WhiteElo "1771"]
[BlackElo "2367"]
[Annotator "TA"]
[PlyCount "97"]
[EventDate "2019.04.07"]
[EventType "swiss"]
[EventRounds "9"]
[EventCountry "MGL"]
[SourceTitle "playchess.com"]
[Source "ChessBase"]
[SourceQuality "1"]

{[%evp 9,97,-3,16,4,20,2,24,23,25,18,11,0,-3,-16,-17,-12,13,0,24,-12,-12,-10,-3,-8,-8,-27,-25,-19,-26,-14,-20,-14,0,-11,-22,-27,0,0,0,0,0,-32,-41,-37,-29,-38,7,7,7,7,108,100,121,30,87,54,87,22,54,0,10,0,0,-52,-50,-52,-43,-281,-291,-191,0,0,0,0,0,0,0,0,0,0,0,0,0,0,0,0,0,0,0,0]} 1. Nf3 c5 2. c4 Nc6 3. b3 e5 4. Nc3 (4. Bb2 d6 5. Nc3 g6 6. g3 Bg7 7. d3 Nge7 8. Bg2 h6 9. O-O O-O 10. Ne1 Be6 11. Nd5 Rb8 12. Nc2 b5 13. e3 bxc4 14. dxc4 f5 {½-½ (14) Maghsoodloo,P (2666)-Alekseev,E (2639) Bandar e Anzali 2019}) 4... f5 5. d3 Nf6 6. g3 {A30: Symmetrical English: Double Fianchetto and Hedgehog} d6 7. Bg2 h6 $146 ({Predecessor:} 7... d5 8. cxd5 Nxd5 9. Nxd5 Qxd5 10. Bb2 Bd7 11. O-O Qe6 12. Nd2 Bd6 13. Nc4 Bc7 14. Qc1 {½-½ (35) Koolsbergen,N (1914)-Jordan,T (1926) IECC email 2006}) 8. O-O {White has an edge.} g5 9. e3 Bg7 10. Bb2 O-O 11. Nd2 Be6 12. Nd5 Bxd5 13. cxd5 Nb4 14. Nc4 b5 15. Na3 Rb8 16. e4 f4 17. Nc2 Nxc2 18. Qxc2 g4 19. f3 h5 20. Rae1 Rb7 21. fxg4 Nxg4 22. Bc1 Bh6 23. h3 Ne3 24. Bxe3 $1 fxe3 25. Qe2 Qg5 26. Rxf8+ Kxf8 27. Rf1+ Rf7 (27... Kg8 $5 {[%cal Rg5g3]}) 28. Rxf7+ Kxf7 29. Qf3+ Ke7 (29... Kg7 $11 {remains equal.}) 30. h4 $16 Qg6 {[#]} 31. Kf1 (31. Bf1 $1 $16) 31... Kd8 (31... b4 $11) 32. Ke2 Kc7 33. Bh3 (33. Bf1 $16) 33... Kb6 $11 34. Bf5 Qg7 35. Be6 Ka5 36. a3 (36. Bf7 $11) 36... c4 $1 $15 {[%cal Rc4b3]} 37. bxc4 bxc4 38. g4 $2 (38. dxc4 $15 Qc7 39. Qg2) 38... hxg4 $19 39. Qf1 {[#] Qb1 would kill now.} Qb7 $2 ({Black should try} 39... Qc7 $1 $19 {Hoping for ...c3.} 40. Qb1 Qc5 41. Bxg4 c3) 40. Qe1+ $11 {The position is equal.} Ka6 41. Qc3 cxd3+ 42. Qxd3+ Qb5 {...Qxd3+ is the strong threat.} 43. Bxg4 Ka5 44. Qxb5+ Kxb5 45. Bd7+ $1 Kc4 46. a4 Kd4 47. Bf5 Bf4 48. h5 Bg5 49. Bg6 {Accuracy: White = 38%, Black = 59%.} 1/2-1/2

[Event "Asian Zonal 3.3 2019"]
[Site "Ulaanbaatar"]
[Date "2019.04.10"]
[Round "4.14"]
[White "Tugstumur, Yesuntumur"]
[Black "Boldoo, Erdenepurev"]
[Result "1/2-1/2"]
[WhiteElo "2355"]
[BlackElo "2334"]
[Annotator "RC"]
[PlyCount "98"]
[EventDate "2019.04.07"]
[EventType "swiss"]
[EventRounds "9"]
[EventCountry "MGL"]
[SourceTitle "playchess.com"]
[Source "ChessBase"]
[SourceQuality "1"]
[TimeControl "40/5400+30:1800+30"]

1. d4 Nf6 2. c4 e6 3. g3 d5 4. Bg2 dxc4 5. Nf3 Bb4+ 6. Bd2 Be7 7. O-O O-O 8. Qa4 Bd7 9. Qxc4 Bc6 10. Nc3 Nbd7 11. Rad1 a6 12. Rfe1 Rb8 13. Bf4 Bd6 14. Bg5 h6 15. Bxf6 Qxf6 16. e4 e5 17. Qe2 Nb6 18. dxe5 Bxe5 19. Nxe5 Qxe5 20. f4 Qc5+ 21. Qf2 Qxf2+ 22. Kxf2 Rbd8 23. b3 Rfe8 24. h4 Kf8 25. Bf3 Ke7 26. Rc1 Rd7 27. Bg4 Rd2+ 28. Ke3 Red8 29. Be2 Kf8 30. Red1 Rxd1 31. Bxd1 Nd7 32. Be2 Re8 33. b4 Nf6 34. e5 Nd7 35. a4 Nb6 36. a5 Nc8 37. Bf3 Ne7 38. Bxc6 Nxc6 39. Nd5 Rd8 40. Ke4 f5+ 41. exf6 gxf6 42. Nxc7 Rd4+ 43. Kf3 Rxb4 44. Kg4 Ne7 45. Kh5 Kf7 46. Rc3 f5 47. Kxh6 b6 48. axb6 Rxb6+ 49. Kh5 Rb8 1/2-1/2